Canal de Panamá: el debate en el Congreso Americano
Guardado en:
| 格式: | Texto |
|---|---|
| 主題: | |
| 標簽: |
添加標簽
沒有標簽, 成為第一個標記此記錄!
|
MARC
| LEADER | 00000 a a2200000 04500 | ||
|---|---|---|---|
| 001 | 17764 | ||
| 003 | |||
| 040 | |||
| 245 | |a Canal de Panamá: |b el debate en el Congreso Americano | ||
| 650 | |a ACUERDOS INTERNACIONALES | ||
| 650 | |a PANAMA | ||
| 773 | |g volumen 2, número 3; páginas 22-24 | ||
| 999 | |c 25503 |d 25503 | ||
| 773 | 0 | |0 42391 |9 3950 |a Agencia Latinoamericana de Información, ALAI |d Quito, Ecuador: ALAI |o 03972 |t ALAI: |x 08275564 (Servicio mensual de información y documentación) | |
